00913nam a2200229Ia 4500003000900000008004100009020001800050040001600068080002400084111008300108245022500191260003400416300001600450490003800466650004100504650002400545650002300569700002200592700002200614700002000636700002700656IN-BaIIA211028s9999 xx 000 0 eng d a3-540-10710-X cIIA Library a521.131(082.2)bREC aConference Recent Progress in Many-Body Theoriesn2ndcMexicod1981 Jan. 12-17 0aRecent progress in many-body theoriesbproceedings of the second international conference held at Oaxtepec, Mexico, January 12-17, 1981cedited by J. G. Zabolitzky…[et al.]  aBerlinbSpringer-Verlagc1981 aviii, 479p. aLectures notes in physics; v. 142 aAstronomy and astrophysics thesaurus aCelestial mechanics aMany body theories aClark, J.W., ed.  ade llano, M., ed. aFortes, M., ed. aZabolitzky, J. G., ed.